LEADER 03463nam0-2200601---450 001 9910595998003321 005 20221020123623.0 100 $a20221020g18931913km-y0itay50------ba 101 0 $afre 102 $aFR 105 $ay-------001yy 200 1 $aFlore de France, ou Description des plantes qui croissent spontanément en France, en Corse et en Alsace-Lorraine$fpar Georges Rouy et J. Foucaud 210 $aAsnières$cRouy$aRochefort$cFoucaud$d1893-1913 215 $a14 v.$d22 cm 300 $aL'editore cambia. 307 $a1.: LXVI, 264 p. ; 2.: XI, 349 p. ; 3.: 382 p. ; 4.: 313 p. ; 5.: 344 p. ; 6.: 489 p. ; 7.: 440 p. ; 8.: VI, 406 p. ; 9.: 490 p. ; 10.: 404 p. ; 11.: 429 p. ; 12.: 505 p. ; 13.: VIII, 548 p. ; 14.: VIII, 562 p. 610 0 $aFlora$aFrancia 700 1$aRouy,$bGeorge$01260530 701 1$aFoucaud,$bJulien$01260531 801 0$aIT$bUNINA$gREICAT$2UNIMARC 856 4 $zVisualizza la versione elettronica in EROMM$uhttps://www.biodiversitylibrary.org/item/72989#page/7/mode/1up$e20221020 856 4 $zVisualizza la versione elettronica in EROMM$uhttps://www.biodiversitylibrary.org/item/44732#page/341/mode/1up$e20221020 856 4 $zVisualizza la versione elettronica in EROMM$uhttps://www.biodiversitylibrary.org/item/44957#page/9/mode/1up$e20221020 856 4 $zVisualizza la versione elettronica in EROMM$uhttps://www.biodiversitylibrary.org/item/44957#page/395/mode/1up$e20221020 856 4 $zVisualizza la versione elettronica in EROMM$uhttps://www.biodiversitylibrary.org/item/44729#page/11/mode/1up$e20221020 856 4 $zVisualizza la versione elettronica in EROMM$uhttps://gallica.bnf.fr/ark:/12148/bpt6k6373457z/f11.zoom$e20221020 856 4 $zVisualizza la versione elettronica in EROMM$uhttps://www.biodiversitylibrary.org/item/45015#page/11/mode/1up$e20221020 856 4 $zVisualizza la versione elettronica in EROMM$uhttps://www.biodiversitylibrary.org/item/72995#page/11/mode/1up$e20221020 856 4 $zVisualizza la versione elettronica in EROMM$uhttps://www.biodiversitylibrary.org/item/72995#page/425/mode/1up$e20221020 856 4 $zVisualizza la versione elettronica in EROMM$uhttps://www.biodiversitylibrary.org/item/72995#page/921/mode/1up$e20221020 856 4 $zVisualizza la versione elettronica in EROMM$uhttps://www.biodiversitylibrary.org/item/73281#page/9/mode/1up$e20221020 856 4 $zVisualizza la versione elettronica in EROMM$uhttps://www.biodiversitylibrary.org/item/73281#page/445/mode/1up$e20221020 856 4 $zVisualizza la versione elettronica in EROMM$uhttps://www.biodiversitylibrary.org/item/44733#page/9/mode/1up$e20221020 856 4 $zVisualizza la versione elettronica in EROMM$uhttps://www.biodiversitylibrary.org/item/73559#page/7/mode/1up$e20221020 901 $aBK 912 $a9910595998003321 952 $aD I 39 (1$b4203$fDBV 952 $aD I 39 (2$fDBV 952 $aD I 39 (3$fDBV 952 $aD I 40 (1$b4203$fDBV 952 $aD I 40 (2$fDBV 952 $aD I 40 (3$fDBV 952 $aD I 41 (1$b4203$fDBV 952 $aD I 41 (2$fDBV 952 $aD I 41 (3$fDBV 952 $aD I 42 (1$b4203$fDBV 952 $aD I 42 (2$b4203$fDBV 952 $aD I 42 (3$fDBV 952 $aD I 43 (1$b4203$fDBV 952 $aD I 43 (2$fDBV 959 $aDBV 996 $aFlore de France, ou Description des plantes qui croissent spontanément en France, en Corse et en Alsace-Lorraine$92921312 997 $aUNINA LEADER 01048nam0 22002651i 450 001 UON00404374 005 20231205104711.258 010 $a03-332-3206-2 100 $a20120202d1978 |0itac50 ba 101 $aeng 102 $aGB 105 $a|||| ||||| 200 1 $aˆThe ‰jewish intelligentsia and russian marxism$ea sociological study of intellectual radicalism and ideological divergence$fRobert J. Brym 210 $aLondon$cMacmillan Press$dc1978 215 $aVIII, 157 p.$d22 cm. 606 $aMarxismo$xStudi$3UONC036360$2FI 620 $aGB$dLondon$3UONL003044 700 1$aBrym$bRobert$3UONV100234$0251139 712 $aMacmillan & Co.$3UONV247335$4650 801 $aIT$bSOL$c20250627$gRICA 899 $aSIBA - SISTEMA BIBLIOTECARIO DI ATENEO$2UONSI 912 $aUON00404374 950 $aSIBA - SISTEMA BIBLIOTECARIO DI ATENEO$dSI A 0137 $eSI SC 14877 5 0137 $sBuono 996 $aJewish intelligentsia and russian marxism$91343898 997 $aUNIOR